[Event "IECG CB.2006.0.00162 email"]
[Site "IECG email"]
[Date "2006.08.27"]
[Round "?"]
[White "Rusak, Alexandr Victorovic"]
[Black "Evans, Ricky"]
[Result "1-0"]
[WhiteElo "1942"]
[BlackElo "1852"]
[PlyCount "41"]
[EventDate "2006.08.27"]
[EventType "tourn (corr)"]
[EventRounds "6"]
[SourceTitle "Corr 2011"]
[Source "ChessBase"]
[SourceDate "2010.08.31"]
[SourceVersion "1"]
[SourceVersionDate "2010.08.31"]
[SourceQuality "1"]

1. e4 e5 2. Nf3 Nf6 3. Nxe5 d6 4. Nf3 Nxe4 5. d4 d5 6. Bd3 Be7 7. 0-0 Nc6 8. c4 Nb4 9. Be2 0-0 10. a3 Nc6 11. cxd5 Qxd5 12. Nc3 Nxc3 13. bxc3 Bf5 14. c4 Qd6 15. d5 Bf6 16. Ra2 Ne5 17. Nd4 Bd7 18. a4 Rfe8 19. Nb5 Bxb5 20. axb5 Nd7 21. Qc2 1-0

[Event "CFriend RI-2005-0-00034 email"]
[Site "Chessfriend.com"]
[Date "2005.05.12"]
[Round "1"]
[White "Evans, Ricky"]
[Black "Pott, Brian"]
[Result "0-1"]
[WhiteElo "1830"]
[BlackElo "1814"]
[PlyCount "86"]
[EventDate "2005.05.12"]
[EventType "tourn (corr)"]
[EventRounds "6"]
[SourceTitle "Corr 2008"]
[Source "ChessBase"]
[SourceDate "2008.06.24"]
[SourceVersion "1"]
[SourceVersionDate "2008.06.24"]
[SourceQuality "1"]

1. d4 Nf6 2. c4 g6 3. Nc3 Bg7 4. e4 d6 5. Nf3 0-0 6. Be2 e5 7. 0-0 Nc6 8. d5 Ne7 9. Ne1 Nd7 10. f3 f5 11. Be3 f4 12. Bf2 g5 13. Nd3 Nf6 14. c5 Ng6 15. Qb3 a6 16. cxd6 cxd6 17. Na4 g4 18. Nb6 Rb8 19. Nxc8 Qxc8 20. Rac1 Qd7 21. Qb6 Rbc8 22. a3 h5 23. Qb4 h4 24. fxg4 Nxg4 25. Bb6 h3 26. gxh3 Nf6 27. Nf2 Kh8 28. Bg4 Nxg4 29. hxg4 Bf6 30. h3 Bh4 31. b3 Bg3 32. a4 f3 33. Rxc8 Rxc8 34. Be3 Rc2 35. Qb6 Nf4 36. Bxf4 Bxf4 37. a5 Re2 38. Qb4 Qc7 39. Qc4 Qxc4 40. bxc4 Be3 41. h4 Kg7 42. h5 b6 43. axb6 Bxb6 0-1

[Event "CFriend SI-2004-0-00034 email"]
[Site "Chessfriend.com"]
[Date "2005.05.12"]
[Round "1"]
[White "Evans, Ricky"]
[Black "Zednik, Martin"]
[Result "1-0"]
[WhiteElo "1830"]
[BlackElo "1792"]
[PlyCount "107"]
[EventDate "2005.05.15"]
[EventType "tourn (corr)"]
[EventRounds "6"]
[SourceTitle "Corr 2008"]
[Source "ChessBase"]
[SourceDate "2008.06.24"]
[SourceVersion "1"]
[SourceVersionDate "2008.06.24"]
[SourceQuality "1"]

1. d4 d5 2. c4 c6 3. cxd5 cxd5 4. Nc3 Nf6 5. Nf3 Nc6 6. Bf4 Bf5 7. e3 e6 8. Ne5 Nxe5 9. Bxe5 Nd7 10. Bg3 Be7 11. Qb3 Qb6 12. Bb5 h5 13. h4 Rd8 14. 0-0 0-0 15. Na4 Qa5 16. Rac1 Bb4 17. Be2 b6 18. a3 b5 19. Qxb4 Qxb4 20. axb4 bxa4 21. Rc7 Nb6 22. Bxh5 f6 23. Rfc1 Rc8 24. R7c5 Nc4 25. Be2 Rxc5 26. bxc5 Nxb2 27. Bd6 Rc8 28. Ba6 Rd8 29. Bg3 e5 30. dxe5 fxe5 31. Bxe5 Nd3 32. Bxd3 Bxd3 33. c6 Rc8 34. Rc5 Ba6 35. c7 Bb7 36. Ra5 Bc6 37. Rxa7 Kf7 38. g4 Bd7 39. f3 Bc6 40. Kf2 Bd7 41. Rb7 g6 42. Rb6 Rg8 43. Ra6 Ke7 44. Kg3 Bc8 45. Rxa4 Kd7 46. e4 Ke6 47. f4 dxe4 48. Rxe4 Ke7 49. Rd4 Bd7 50. f5 gxf5 51. g5 Ra8 52. h5 f4+ 53. Rxf4 Ke6 54. Bg7 1-0

[Event "CFriend SI-2004-0-00034 email"]
[Site "Chessfriend.com"]
[Date "2005.05.12"]
[Round "1"]
[White "Pott, Brian"]
[Black "Evans, Ricky"]
[Result "0-1"]
[WhiteElo "1814"]
[BlackElo "1830"]
[PlyCount "120"]
[EventDate "2005.05.15"]
[EventType "tourn (corr)"]
[EventRounds "6"]
[SourceTitle "Corr 2008"]
[Source "ChessBase"]
[SourceDate "2008.06.24"]
[SourceVersion "1"]
[SourceVersionDate "2008.06.24"]
[SourceQuality "1"]

1. e4 c6 2. d4 d5 3. e5 Bf5 4. Nf3 e6 5. Be2 Nd7 6. 0-0 Ne7 7. Nh4 c5 8. Bg5 Be4 9. f3 Bg6 10. Na3 Qb6 11. c3 Nc6 12. Nxg6 hxg6 13. Nc2 cxd4 14. cxd4 Ndxe5 15. b3 Bd6 16. g3 Ne7 17. Rc1 N5c6 18. Qd3 Nf5 19. Kg2 Qc7 20. Rg1 a6 21. a3 Be7 22. Bf4 Qd8 23. Qd2 Bf6 24. Be3 Qb6 25. Bf2 Qxb3 26. Rb1 Qa4 27. Rxb7 Bxd4 28. Nxd4 Ncxd4 29. Bd1 Qc6 30. Qb2 Nb5 31. Rb6 Qd7 32. Be2 0-0 33. a4 Nbd6 34. Rc1 a5 35. g4 Ne7 36. Bc5 Nec8 37. Bb5 Qe7 38. Rc6 Rd8 39. Bd4 Ne8 40. Ba6 Ncd6 41. R1c5 Nf6 42. Be5 Nc4 43. Bxc4 dxc4 44. Rc7 Rd7 45. Rc8+ Rxc8 46. Rxc8+ Rd8 47. Qb8 Rxc8 48. Qxc8+ Kh7 49. Bxf6 Qxf6 50. Qxc4 Qb2+ 51. Kg3 Qe5+ 52. Qf4 Qxf4+ 53. Kxf4 f6 54. g5 Kg8 55. Ke4 Kf7 56. Kd4 e5+ 57. Kd5 Ke7 58. h3 Kd7 59. h4 Ke7 60. Kc5 Ke6 0-1

[Event "CFriend SI-2004-0-00034 email"]
[Site "Chessfriend.com"]
[Date "2005.05.12"]
[Round "1"]
[White "Stibal, George"]
[Black "Evans, Ricky"]
[Result "1/2-1/2"]
[WhiteElo "1891"]
[BlackElo "1830"]
[PlyCount "95"]
[EventDate "2005.05.15"]
[EventType "tourn (corr)"]
[EventRounds "6"]
[SourceTitle "Corr 2008"]
[Source "ChessBase"]
[SourceDate "2008.06.24"]
[SourceVersion "1"]
[SourceVersionDate "2008.06.24"]
[SourceQuality "1"]

1. e4 c6 2. d4 d5 3. Nc3 dxe4 4. Nxe4 Nd7 5. Bc4 Ngf6 6. Nxf6+ Nxf6 7. c3 Qc7 8. Qe2 Bg4 9. Nf3 e6 10. h3 Bh5 11. 0-0 Be7 12. Re1 0-0 13. Bg5 c5 14. Rad1 cxd4 15. Rxd4 Rad8 16. Red1 Qa5 17. Be3 a6 18. Bb3 Rxd4 19. Bxd4 Rd8 20. g4 Bg6 21. Ne5 Nd5 22. Nxg6 hxg6 23. Qe4 b5 24. f4 Bf6 25. Bf2 Qc7 26. f5 gxf5 27. gxf5 Qf4 28. Qxf4 Nxf4 29. Rxd8+ Bxd8 30. Be3 Nxh3+ 31. Kg2 Ng5 32. fxe6 Nxe6 33. Kf3 Kf8 34. Bd5 Ke7 35. Bb7 a5 36. Be4 Kd6 37. Bd3 b4 38. cxb4 axb4 39. a3 Ba5 40. Bg1 g6 41. Bc4 Ng5+ 42. Kg4 bxa3 43. bxa3 Bd2 44. Kg3 Ne4+ 45. Kf3 f5 46. a4 Ba5 47. Kf4 Bd8 48. Bf7 1/2-1/2

[Event "IECG CP.2002.P.00081 email"]
[Site "IECG email"]
[Date "2002.10.01"]
[Round "?"]
[White "Aberbach Peltzman, Angel Sergio"]
[Black "Evans, Ricky"]
[Result "0-1"]
[WhiteElo "2176"]
[BlackElo "1896"]
[PlyCount "26"]
[EventDate "2002.10.01"]
[EventType "tourn (corr)"]
[EventRounds "6"]
[EventCountry "RUS"]
[SourceTitle "Corr 2008"]
[Source "ChessBase"]
[SourceDate "2008.06.24"]
[SourceVersion "1"]
[SourceVersionDate "2008.06.24"]
[SourceQuality "1"]

1. e4 e5 2. Nf3 Nf6 3. Nxe5 d6 4. Nf3 Nxe4 5. Bd3 Nf6 6. h3 Be7 7. 0-0 0-0 8. c3 Re8 9. Bc2 c6 10. d4 Nbd7 11. Bf4 d5 12. Re1 b6 13. Nbd2 c5 0-1

[Event "IECG CP.2001.Q.00021 email"]
[Site "IECG email"]
[Date "2002.10.01"]
[Round "?"]
[White "Draba, Henryk"]
[Black "Evans, Ricky"]
[Result "1/2-1/2"]
[WhiteElo "1868"]
[BlackElo "1896"]
[PlyCount "157"]
[EventDate "2002.10.01"]
[EventType "tourn (corr)"]
[EventRounds "10"]
[EventCountry "DEN"]
[SourceTitle "Corr 2008"]
[Source "ChessBase"]
[SourceDate "2008.06.24"]
[SourceVersion "1"]
[SourceVersionDate "2008.06.24"]
[SourceQuality "1"]

1. e4 e5 2. Nf3 Nf6 3. Nc3 Bb4 4. Nxe5 0-0 5. d3 Re8 6. Nf3 d5 7. Bd2 dxe4 8. dxe4 Bxc3 9. Bxc3 Nxe4 10. Qxd8 Rxd8 11. Be5 Re8 12. Be2 c5 13. Rd1 Nc6 14. Bf4 Bg4 15. c3 Re7 16. Rd3 Rae8 17. Re3 Bh5 18. h3 f6 19. 0-0 Bf7 20. a3 a6 21. Re1 g5 22. Bh2 f5 23. Bd3 h6 24. h4 g4 25. Bxe4 Rxe4 26. Rxe4 fxe4 27. Nd2 Bg6 28. Bf4 h5 29. Nc4 Re6 30. a4 Ne7 31. Rd1 Nf5 32. Rd5 b6 33. g3 Ne7 34. Rd8+ Kg7 35. Kg2 Bf7 36. Ne5 Ng6 37. Nxf7 Nxf4+ 38. gxf4 Kxf7 39. Rd5 Rf6 40. Kg3 Kg6 41. Rg5+ Kh6 42. Re5 Rd6 43. Rxe4 Kg6 44. Re5 Rd3+ 45. Kg2 Rd6 46. b4 cxb4 47. cxb4 Rd4 48. Re6+ Kf7 49. Rxb6 Rxf4 50. a5 Kg7 51. Kg1 Rd4 52. Kg2 Rf4 53. Kg1 Rd4 54. Kf1 Rd1+ 55. Ke2 Rb1 56. Ke3 Rb2 57. Rxa6 Rb3+ 58. Ke2 Rxb4 59. Rb6 Re4+ 60. Kf1 Ra4 61. a6 Ra2 62. Rb7+ Kg6 63. a7 Kf5 64. Rb5+ Kf4 65. Rxh5 Rxa7 66. Kg2 Ra3 67. Rh8 Rh3 68. Rf8+ Ke4 69. Ra8 Rxh4 70. Kg3 Rh1 71. Ra4+ Kf5 72. Rf4+ Ke5 73. Rxg4 Rg1+ 74. Kf3 Rb1 75. Rg8 Kf5 76. Ra8 Rb3+ 77. Kg2 Rd3 78. f3 Rd6 79. Kg3 1/2-1/2

[Event "IECG CP.2001.Q.00021 email"]
[Site "IECG email"]
[Date "2002.10.01"]
[Round "?"]
[White "Evans, Ricky"]
[Black "Miletic, Arsen"]
[Result "0-1"]
[WhiteElo "1896"]
[BlackElo "2190"]
[PlyCount "98"]
[EventDate "2002.10.01"]
[EventType "tourn (corr)"]
[EventRounds "10"]
[EventCountry "DEN"]
[SourceTitle "Corr 2008"]
[Source "ChessBase"]
[SourceDate "2008.06.24"]
[SourceVersion "1"]
[SourceVersionDate "2008.06.24"]
[SourceQuality "1"]

1. e4 c5 2. Nf3 Nc6 3. d4 cxd4 4. Nxd4 Nf6 5. Nc3 d6 6. Bg5 e6 7. Qd2 a6 8. 0-0-0 h6 9. Be3 Be7 10. f4 Nxd4 11. Bxd4 b5 12. Qe3 Bb7 13. Bxf6 gxf6 14. Bd3 Qa5 15. Kb1 b4 16. Ne2 Qc5 17. Nd4 Bc6 18. Rhe1 Bd7 19. f5 e5 20. Nb3 Qc7 21. Nd2 a5 22. Nc4 Bc6 23. Bf1 Rb8 24. g4 a4 25. h3 b3 26. cxb3 axb3 27. a3 Kf8 28. Bg2 Kg7 29. Rc1 Rb5 30. Rc3 Qb7 31. Rec1 Rc8 32. Nd2 Bd8 33. Rxb3 Bb6 34. Qf3 Bd4 35. Rxb5 Qxb5 36. Rc2 Rb8 37. b4 Qa6 38. Ra2 Rc8 39. Bf1 Qa4 40. Bd3 d5 41. Bc2 Qa8 42. Qe2 Bb7 43. h4 Rc3 44. Nb3 dxe4 45. Nxd4 exd4 46. Qd1 d3 47. Ba4 e3 48. Kb2 Qc8 49. Ra1 Bf3 0-1

[Event "IECG CP.2002.P.00081 email"]
[Site "IECG email"]
[Date "2002.10.01"]
[Round "?"]
[White "Evans, Ricky"]
[Black "Portal, Angel"]
[Result "1-0"]
[WhiteElo "1896"]
[BlackElo "800"]
[PlyCount "34"]
[EventDate "2002.10.01"]
[EventType "tourn (corr)"]
[EventRounds "6"]
[EventCountry "RUS"]
[SourceTitle "Corr 2008"]
[Source "ChessBase"]
[SourceDate "2008.06.24"]
[SourceVersion "1"]
[SourceVersionDate "2008.06.24"]
[SourceQuality "1"]

1. d4 e6 2. c4 Nf6 3. Nc3 c6 4. e4 Bb4 5. Bd2 Bxc3 6. Bxc3 Nxe4 7. Qg4 Ng5 8. h4 f5 9. Qxg5 Qxg5 10. hxg5 0-0 11. 0-0-0 g6 12. Nf3 b6 13. Bb4 Re8 14. Bd6 Bb7 15. Ne5 Na6 16. Nxd7 Red8 17. Nf6+ Kg7 1-0

[Event "IECG CP.2000.Q.00004"]
[Site "IECG email"]
[Date "2001.10.01"]
[Round "?"]
[White "Evans, Ricky"]
[Black "Gourion, Daniel"]
[Result "1/2-1/2"]
[WhiteElo "1850"]
[BlackElo "2046"]
[PlyCount "80"]
[EventDate "2001.10.01"]
[EventType "tourn (corr)"]
[EventRounds "6"]
[SourceTitle "Corr 2008"]
[Source "ChessBase"]
[SourceDate "2008.06.24"]
[SourceVersion "1"]
[SourceVersionDate "2008.06.24"]
[SourceQuality "1"]

1. d4 Nf6 2. c4 c5 3. d5 b5 4. cxb5 a6 5. e3 axb5 6. Bxb5 Qa5+ 7. Nc3 Bb7 8. Bd2 Qb6 9. Qb3 e6 10. Nge2 Nxd5 11. 0-0 Be7 12. e4 Nxc3 13. Bxc3 Bxe4 14. Ng3 Bd5 15. Bc4 Qxb3 16. axb3 Rxa1 17. Rxa1 f6 18. Bxd5 exd5 19. Nf5 Kf7 20. Nxe7 Kxe7 21. b4 d4 22. Bd2 c4 23. b5 Ke6 24. Re1+ Kd5 25. Re7 g6 26. Bb4 d6 27. Kf1 g5 28. Rf7 Ke6 29. Rc7 d5 30. b6 Rd8 31. Re7+ Kf5 32. Rxh7 Nc6 33. Bc5 d3 34. Rc7 Na5 35. Bb4 Nb3 36. b7 Rb8 37. Rd7 d4 38. Re7 Rh8 39. Rh7 Re8 40. Re7 Rh8 1/2-1/2

[Event "IECG CP.2000.Q.00004"]
[Site "IECG email"]
[Date "2001.10.01"]
[Round "?"]
[White "Rost, Detlef"]
[Black "Evans, Ricky"]
[Result "1-0"]
[WhiteElo "2474"]
[BlackElo "1850"]
[PlyCount "65"]
[EventDate "2001.10.01"]
[EventType "tourn (corr)"]
[EventRounds "6"]
[SourceTitle "Corr 2008"]
[Source "ChessBase"]
[SourceDate "2008.06.24"]
[SourceVersion "1"]
[SourceVersionDate "2008.06.24"]
[SourceQuality "1"]

1. d4 g6 2. e4 Bg7 3. c3 d5 4. exd5 Qxd5 5. Be2 c5 6. Bf3 Qe6+ 7. Ne2 cxd4 8. cxd4 Nf6 9. Nbc3 0-0 10. 0-0 Rd8 11. d5 Qb6 12. Be3 Qxb2 13. Rb1 Qa3 14. Nb5 Qa5 15. Bd2 Qxa2 16. Nec3 Qc4 17. Be2 Qh4 18. Nc7 Bf5 19. Nxa8 Bxb1 20. Qxb1 Nxd5 21. Nxd5 Rxd5 22. Be3 b6 23. Rc1 Be5 24. g3 Qh3 25. Qe4 Qd7 26. f4 Bd4 27. Rc7 Qd8 28. Bxd4 Rxd4 29. Qb7 Kg7 30. Rc8 Rd1+ 31. Kg2 Qd5+ 32. Qxd5 Rxd5 33. Rxb8 1-0

[Event "IECG CP.2000.P.00068"]
[Site "IECG email"]
[Date "2000.10.01"]
[Round "?"]
[White "Fernandez, Esteban Domingo"]
[Black "Evans, Ricky"]
[Result "0-1"]
[WhiteElo "1000"]
[BlackElo "1886"]
[PlyCount "48"]
[EventDate "2000.10.01"]
[EventType "tourn (corr)"]
[EventRounds "6"]
[EventCountry "ESP"]
[SourceTitle "Corr 2008"]
[Source "ChessBase"]
[SourceDate "2008.06.24"]
[SourceVersion "1"]
[SourceVersionDate "2008.06.24"]
[SourceQuality "1"]

1. d4 g6 2. e4 Bg7 3. Nc3 d6 4. f4 c6 5. Nf3 Bg4 6. Be3 Qb6 7. Qd2 Nf6 8. Be2 0-0 9. h3 Bxf3 10. Bxf3 d5 11. e5 Nfd7 12. g4 Qxb2 13. Rb1 Qa3 14. f5 Nb6 15. Rb3 Qa5 16. Bh6 Nc4 17. Qf4 Nd7 18. 0-0 b5 19. Be4 dxe4 20. Bxg7 Kxg7 21. f6+ exf6 22. exf6+ Kh8 23. Nxe4 Rg8 24. Qh6 Nf8 0-1

[Event "IECG CP.2000.P.00068"]
[Site "IECG email"]
[Date "2000.10.01"]
[Round "?"]
[White "Iarca, Sorin"]
[Black "Evans, Ricky"]
[Result "0-1"]
[WhiteElo "2030"]
[BlackElo "1886"]
[PlyCount "24"]
[EventDate "2000.10.01"]
[EventType "tourn (corr)"]
[EventRounds "6"]
[EventCountry "ESP"]
[SourceTitle "Corr 2008"]
[Source "ChessBase"]
[SourceDate "2008.06.24"]
[SourceVersion "1"]
[SourceVersionDate "2008.06.24"]
[SourceQuality "1"]

1. e4 c6 2. d4 d5 3. e5 Bf5 4. h4 h5 5. c4 e6 6. Nc3 dxc4 7. Bxc4 Be7 8. Nf3 Bg4 9. Be2 Nd7 10. Bg5 Qb6 11. Na4 Bb4+ 12. Kf1 Qa5 0-1

[Event "IECG CP.2000.P.00068"]
[Site "IECG email"]
[Date "2000.10.01"]
[Round "?"]
[White "Neumann, Ulrich"]
[Black "Evans, Ricky"]
[Result "1/2-1/2"]
[WhiteElo "1443"]
[BlackElo "1886"]
[PlyCount "70"]
[EventDate "2000.10.01"]
[EventType "tourn (corr)"]
[EventRounds "6"]
[EventCountry "ESP"]
[SourceTitle "Corr 2008"]
[Source "ChessBase"]
[SourceDate "2008.06.24"]
[SourceVersion "1"]
[SourceVersionDate "2008.06.24"]
[SourceQuality "1"]

1. e4 c6 2. d4 d5 3. Nc3 dxe4 4. Nxe4 Nd7 5. Qe2 Ndf6 6. Bf4 Nxe4 7. Qxe4 Nf6 8. Qd3 g6 9. 0-0-0 Bg7 10. a3 Bf5 11. Qb3 Qb6 12. Bc4 0-0 13. Nf3 e6 14. h3 Be4 15. Qxb6 axb6 16. Ne1 Nd5 17. Bxd5 Bxd5 18. f3 Ra7 19. c3 b5 20. Nd3 b6 21. Rde1 Rc8 22. Kc2 h5 23. Re3 c5 24. dxc5 bxc5 25. Rhe1 c4 26. Nb4 Rd7 27. Nxd5 Rxd5 28. Be5 Bh6 29. R3e2 Rcd8 30. Bd4 Bf4 31. Re4 g5 32. R1e2 h4 33. Be3 Bxe3 34. R4xe3 Kg7 35. Re4 Kg6 1/2-1/2

[Event "IECG C1.2000.0.00291"]
[Site "IECG email"]
[Date "2000.07.01"]
[Round "?"]
[White "Evans, Ricky"]
[Black "Kinkelin, Christian"]
[Result "1/2-1/2"]
[WhiteElo "1879"]
[BlackElo "1931"]
[PlyCount "63"]
[EventDate "2000.07.01"]
[EventType "tourn (corr)"]
[EventRounds "6"]
[SourceTitle "Corr 2008"]
[Source "ChessBase"]
[SourceDate "2008.06.24"]
[SourceVersion "1"]
[SourceVersionDate "2008.06.24"]
[SourceQuality "1"]

1. d4 Nf6 2. c4 g6 3. Nc3 Bg7 4. e4 d6 5. Be2 0-0 6. Nf3 Na6 7. 0-0 e5 8. Re1 c6 9. Bf1 exd4 10. Nxd4 Ng4 11. Nf3 Qb6 12. Re2 Be6 13. Qxd6 Bxc4 14. Rc2 Bxf1 15. Kxf1 Rfe8 16. Qg3 Bxc3 17. bxc3 Rxe4 18. h3 Nf6 19. Rb2 Qd8 20. Kg1 Nh5 21. Qg5 b6 22. Be3 Qxg5 23. Nxg5 Rc4 24. Rd1 f6 25. Ne6 Re8 26. Rd8 Rxd8 27. Nxd8 Rxc3 28. Bh6 Rd3 29. Nxc6 Rd7 30. g4 Ng7 31. Rd2 Rc7 32. Rd8+ 1/2-1/2

[Event "IECG C1.1999.0.00249"]
[Site "IECG email"]
[Date "1999.12.13"]
[Round "?"]
[White "Evans, Ricky"]
[Black "Fuzishawa, Richard Mitsuo"]
[Result "0-1"]
[WhiteElo "1873"]
[BlackElo "1861"]
[PlyCount "98"]
[EventDate "1999.12.13"]
[EventType "tourn (corr)"]
[EventRounds "6"]
[SourceTitle "Corr 2008"]
[Source "ChessBase"]
[SourceDate "2008.06.24"]
[SourceVersion "1"]
[SourceVersionDate "2008.06.24"]
[SourceQuality "1"]

1. e4 e5 2. Bc4 Nf6 3. d3 Nc6 4. Nc3 Bb4 5. Nge2 d5 6. exd5 Nxd5 7. 0-0 Be6 8. Bxd5 Bxd5 9. f4 0-0 10. a3 Bc5+ 11. Kh1 Bd4 12. Nxd5 Qxd5 13. Nxd4 exd4 14. f5 f6 15. Bd2 Rae8 16. Qg4 Rf7 17. Rfe1 Rxe1+ 18. Rxe1 Re7 19. h3 Rxe1+ 20. Bxe1 Ne7 21. Bh4 Nxf5 22. Bxf6 h6 23. Bh4 Ne3 24. Qe2 Qa2 25. c3 Qb1+ 26. Be1 Qd1 27. Qxd1 Nxd1 28. cxd4 Nxb2 29. g4 Nxd3 30. Bg3 c6 31. Kg2 Nb2 32. Kf3 Kf7 33. Ke4 Nc4 34. a4 Ke6 35. h4 a5 36. Bf4 Nd6+ 37. Kd3 b5 38. axb5 cxb5 39. h5 Nc4 40. g5 hxg5 41. Bxg5 Nd6 42. Bf4 Ne8 43. Bd2 b4 44. Kc4 Nd6+ 45. Kb3 Kd5 46. Bg5 Nb5 47. Bc1 Kxd4 48. Ka4 Nc3+ 49. Kxa5 Kd3 0-1

[Event "IECG C1.1999.0.00249"]
[Site "IECG email"]
[Date "1999.12.13"]
[Round "?"]
[White "Evans, Ricky"]
[Black "Smith, Douglas Royston"]
[Result "1/2-1/2"]
[WhiteElo "1873"]
[BlackElo "2031"]
[PlyCount "68"]
[EventDate "1999.12.13"]
[EventType "tourn (corr)"]
[EventRounds "6"]
[SourceTitle "Corr 2008"]
[Source "ChessBase"]
[SourceDate "2008.06.24"]
[SourceVersion "1"]
[SourceVersionDate "2008.06.24"]
[SourceQuality "1"]

1. e4 c5 2. Nf3 d6 3. d4 cxd4 4. Nxd4 Nf6 5. Nc3 a6 6. Bg5 e6 7. f4 Nbd7 8. Qf3 Qc7 9. 0-0-0 b5 10. Bd3 Bb7 11. g4 b4 12. Nce2 Nc5 13. Bxf6 gxf6 14. Ng3 d5 15. Qe3 Be7 16. e5 fxe5 17. Qxe5 Qxe5 18. fxe5 f6 19. Rhe1 fxe5 20. Rxe5 Bf6 21. Rxe6+ Nxe6 22. Nxe6 Kd7 23. Bf5 Kc6 24. Nh5 Be5 25. Nhf4 Kd6 26. Nd3 h5 27. Ng5 Raf8 28. Re1 Bxh2 29. Re6+ Kc7 30. Re2 Bd6 31. Ne6+ Kc6 32. Nxf8 Rxf8 33. Re6 hxg4 34. Bxg4 a5 1/2-1/2

[Event "IECG C1.1999.0.00226"]
[Site "IECG email"]
[Date "1999.07.26"]
[Round "?"]
[White "Evans, Ricky"]
[Black "Bourgault, Pierre"]
[Result "0-1"]
[WhiteElo "1800"]
[BlackElo "1951"]
[PlyCount "106"]
[EventDate "1999.07.26"]
[EventType "tourn (corr)"]
[EventRounds "6"]
[SourceTitle "Corr 2008"]
[Source "ChessBase"]
[SourceDate "2008.06.24"]
[SourceVersion "1"]
[SourceVersionDate "2008.06.24"]
[SourceQuality "1"]

1. e4 e6 2. d4 d5 3. Nc3 Bb4 4. e5 c5 5. a3 Bxc3+ 6. bxc3 Ne7 7. Qg4 Qc7 8. Qxg7 Rg8 9. Qxh7 cxd4 10. Ne2 Nbc6 11. f4 Bd7 12. Qd3 dxc3 13. Nxc3 Nf5 14. Nb5 Qd8 15. Rb1 a6 16. Nd6+ Nxd6 17. exd6 Bc8 18. Qh7 Rf8 19. Bb2 Qxd6 20. Bg7 Qxa3 21. Bd3 Qc5 22. Bxf8 Qc3+ 23. Kd1 Kxf8 24. Qh6+ Ke7 25. f5 b5 26. Qg5+ Kd6 27. fxe6 fxe6 28. Re1 e5 29. Qf6+ Be6 30. Bf5 Qd4+ 31. Ke2 Re8 32. Qh6 Qc4+ 33. Bd3 Qc5 34. Kd1 e4 35. Be2 Nd4 36. Rc1 Rg8 37. Bf1 Qb4 38. h3 Rc8 39. Qd2 Qb2 40. Be2 a5 41. Rf1 Qc3 42. Qxc3 Rxc3 43. Rf8 b4 44. Rd8+ Ke7 45. Rb8 b3 46. Rxb3 Nxb3 47. cxb3 Rxb3 48. Ra1 d4 49. Rxa5 d3 50. Bh5 e3 51. Kc1 Rc3+ 52. Kb1 Kd6 53. Ra6+ Ke5 0-1